| 000 | 00547nam a2200217 a 4500 | ||
|---|---|---|---|
| 001 | BRCA_7414 | ||
| 005 | 20190320205827.0 | ||
| 008 | 270313s1949----enk#######---#000-0#eng-# | ||
| 041 | _aeng | ||
| 044 | _aenk | ||
| 050 | 4 |
_aPZ3 _b.M37 1949 |
|
| 100 | 1 |
_aMarsh, Ngaio _910895 |
|
| 245 | 1 | 0 |
_aDeath and the dancing footman _cby Ngaio Marsh. |
| 260 |
_aHarmondsworth _bPenguin Books _c1949 |
||
| 300 | _a316 p. | ||
| 440 | 0 |
_aPenguin Books _v704 _918281 |
|
| 500 | _aQ149 | ||
| 650 | 1 | 4 |
_aNovelas policiacas _9877 |
| 902 | _aGFM | ||
| 942 |
_2lcc _cB |
||
| 999 |
_c7090 _d7090 |
||